Top 15 Biggest Cities In Germany - Sudden Death - Statistics

General Stats
  • This quiz has been taken 66 times
  • The average score is 8 of 15
Answers on the Grid
Answers color-coded by a green-red scale on the quiz's grid according to % correct below.
Kiel
Magdeburg
Wuppertal
Berlin
Munster
Essen
Bonn
Leverkusen
Kassel
Cologne
Nuremberg
Augsburg
Osnabruck
Frankfurt (Main)
Frankfurt (Oder)
Munich
Mannheim
Bielefeld
Stuttgart
Rotenburg (Wumme)
Dusseldorf
Hamburg
Hamm
Hof
Leipzig
Duisburg
Bochum
Dresden
Saarbrucken
Bremen
Paderborn
Dortmund
 
Answer Stats
Answer % Correct
Munich
84%
Berlin
71%
Hamburg
71%
Stuttgart
69%
Cologne
67%
Dortmund
67%
Frankfurt (Main)
67%
Dusseldorf
64%
Leipzig
58%
Dresden
51%
Bremen
47%
Nuremberg
47%
Essen
44%
Duisburg
27%
Wuppertal
13%
No matching quizzes found
Score Distribution
Percent of People with Each Score
Percentile by Number Answered
Your Score History
You have not taken this quiz